000 00821cam a2200157 4500500
005 20260405000429.0
041 _afre
042 _adc
100 1 0 _aEstrabaut, Myriam
_eauthor
245 0 0 _aCthomecare: Decentralised clinical trials platform
260 _c2026.
500 _a91
520 _aThe article describes the organisation and operation of “CTHomecare”, an academic coordination platform. The purpose of this platform is to organise visits related to a clinical trial at patients’ homes in a secure manner and in accordance with protocol requirements.
786 0 _nInnovations & Thérapeutiques en Oncologie | Volume 12 | 1 | 2026-02-24 | p. 49-50 | 2431-3203
856 4 1 _uhttps://stm.cairn.info/journal-innovations-therapeutiques-en-oncologie-2026-1-page-49?lang=en&redirect-ssocas=7080
999 _c2037017
_d2037017